<?xml version="1.0" encoding="UTF-8"?><?xml-stylesheet type="text/xsl" href="static/style.xsl"?><OAI-PMH xmlns="http://www.openarchives.org/OAI/2.0/" xmlns:xsi="http://www.w3.org/2001/XMLSchema-instance" xsi:schemaLocation="http://www.openarchives.org/OAI/2.0/ http://www.openarchives.org/OAI/2.0/OAI-PMH.xsd"><responseDate>2026-04-18T07:24:05Z</responseDate><request verb="GetRecord" identifier="oai:www.recercat.cat:2117/412001" metadataPrefix="marc">https://recercat.cat/oai/request</request><GetRecord><record><header><identifier>oai:recercat.cat:2117/412001</identifier><datestamp>2025-07-22T19:47:07Z</datestamp><setSpec>com_2072_1033</setSpec><setSpec>col_2072_452951</setSpec></header><metadata><record xmlns="http://www.loc.gov/MARC21/slim" xmlns:dcterms="http://purl.org/dc/terms/" xmlns:xsi="http://www.w3.org/2001/XMLSchema-instance" xmlns:doc="http://www.lyncode.com/xoai" xsi:schemaLocation="http://www.loc.gov/MARC21/slim http://www.loc.gov/standards/marcxml/schema/MARC21slim.xsd">
   <leader>00925njm 22002777a 4500</leader>
   <datafield ind2=" " ind1=" " tag="042">
      <subfield code="a">dc</subfield>
   </datafield>
   <datafield ind2=" " ind1=" " tag="720">
      <subfield code="a">Montero De Novoa Gobella, Andrea</subfield>
      <subfield code="e">author</subfield>
   </datafield>
   <datafield ind2=" " ind1=" " tag="260">
      <subfield code="c">2023-07</subfield>
   </datafield>
   <datafield ind2=" " ind1=" " tag="520">
      <subfield code="a">Amb l’arribada del 5g al port de barcelona totes les terminals estan modernitzant tots els seus sistemes per a tenir un control més exhaustiu de la seva operativa. A la terminal de contenidors de barcelona d’apm terminals el 5g arriba amb la monitorització de la operativa i l’estat de tota la maquinaria pròpia. Donat que és una terminal molt gran es disposen de 120 màquines entre les que s’inclouen grues pòrtic (qc – quary cranes), carretons pòrtic (sc - straddle carriers), grues pòrtic de pati (rmg – rail mounted gantry), apiladors de braç telescòpic (reachstakers - rs) i elevadors de contenidors de buit (ehc – empty handler container); dins de cada tipus de maquinària es treballa amb diferents fabricants que, tot i l’estandardització, presenten diferents configuracions a nivell de hardware i software de control de la pròpia màquina. el projecte desenvolupat consisteix en l’anàlisi de les necessitats d’un sistema de comunicació que realitzi una connexió sense fils entre la maquinària mencionada i la terminal per a disposar d’un esquema de l’estat real i de funcionament. Per a fer-ho cal analitzar de forma exhaustiva el funcionament de la maquinària i el sistema de control. el treball final d’estudis (tfe – tfg) consisteix en l’anàlisi de cadascuna de les famílies de màquines i grues per a l’adaptació d’un sistema de comunicació únic i estandarditzat que enviï la senyal utilitzant el 5g portuari. Es presenta també la posterior implementació amb l’ajut de la tecnologia mikrotik i es descriuen les dificultats superades durant la implementació del projecte.</subfield>
   </datafield>
   <datafield tag="653" ind2=" " ind1=" ">
      <subfield code="a">Àrees temàtiques de la UPC::Nàutica::Infraestructures portuàries</subfield>
   </datafield>
   <datafield tag="653" ind2=" " ind1=" ">
      <subfield code="a">Marine terminals</subfield>
   </datafield>
   <datafield tag="653" ind2=" " ind1=" ">
      <subfield code="a">Container terminals</subfield>
   </datafield>
   <datafield tag="653" ind2=" " ind1=" ">
      <subfield code="a">Unitized cargo systems</subfield>
   </datafield>
   <datafield tag="653" ind2=" " ind1=" ">
      <subfield code="a">Piggyback transportation</subfield>
   </datafield>
   <datafield tag="653" ind2=" " ind1=" ">
      <subfield code="a">Terminal portuària</subfield>
   </datafield>
   <datafield tag="653" ind2=" " ind1=" ">
      <subfield code="a">Contenidor marítim</subfield>
   </datafield>
   <datafield tag="653" ind2=" " ind1=" ">
      <subfield code="a">Automatització</subfield>
   </datafield>
   <datafield tag="653" ind2=" " ind1=" ">
      <subfield code="a">Comunicació.</subfield>
   </datafield>
   <datafield tag="653" ind2=" " ind1=" ">
      <subfield code="a">Terminals marítimes</subfield>
   </datafield>
   <datafield tag="653" ind2=" " ind1=" ">
      <subfield code="a">Terminals de contenidors</subfield>
   </datafield>
   <datafield tag="653" ind2=" " ind1=" ">
      <subfield code="a">Ports</subfield>
   </datafield>
   <datafield tag="653" ind2=" " ind1=" ">
      <subfield code="a">Contenidors</subfield>
   </datafield>
   <datafield tag="653" ind2=" " ind1=" ">
      <subfield code="a">Transport multimodal</subfield>
   </datafield>
   <datafield ind2="0" ind1="0" tag="245">
      <subfield code="a">Implementació d'un sistema de comunicació per a la monitorització d'una terminal de contenidors del Port de Barcelona</subfield>
   </datafield>
</record></metadata></record></GetRecord></OAI-PMH>